000 00342nam a2200133Ia 4500
008 151001s9999||||xx |||||||||||||| ||und||
100 _aयु म पठाण
245 _aगंधवार्ता
250 _a1
260 _bसुयोग प्रकाशन पुणे
260 _c2011
300 _a176
365 _b21
999 _c1000194
_d1000191